000 00326nam a2200133 i 4500
001 bg
100 1 _aSKWARCZYƃSKI, M.
245 0 _aWybrane zagadnienia analizy matematycznej /
_cM. SkwarczyƄski.
260 _aWarszawa,
_c1982.
040 _cBPK
041 _apol
942 _cKS
008 s pl f |000 0 pol
999 _c6036
_d6036
856 _uhttp://koha.tu.koszalin.pl/cgi-bin/koha/opac-detail.pl?biblionumber=6036
_yKatalog online BPK